000 01118nam a2200265 a 4500
001 000038921
005 20201002031424.0
008 130506s1974 dr 000 0 spa d
040 _aDO-SdBNP
_bspa
_cBNPHU
082 _a611
_bP961a, 1974
100 1 _aPrives, M.
_qMikhail
_965184
245 1 0 _aAnatomia humana /
_cM. Prives, N. Lisenkov, V. Bushkovich; traducción Fina Coll, Humberto Valdes Tergas.
250 _a2a. ed.
260 _aSanto Domingo :
_bNacional,
_c1974.
300 _a2v. :
_bil. ;
_c22 cm.
500 _aTraducido del idioma ruso
505 0 _gv. 1
_tGeneralidades
_tAparato locomotor
_tEsplacnología
_tOrganos de secreción interna
_gv. 2
_tTratado sobre los vasos (angiología)
_tTratado sobre el sistema nervioso (neurología)
_tTratado sobre los organos de los sentidos (estesiología)
590 _aInventariado, 2018/LP
650 4 _aAnatomia humana
_97327
700 1 2 _aColl, Fina,
_etrad.
_965185
700 1 2 _aValdes Tergas, Humberto,
_etrad.
_965186
700 1 2 _aLisenkov, N.
_qNicolai
_965187
700 1 2 _aBushkovich, V.
_qViacheslav
_965188
910 _aValidado. Control de calidad MFF
999 _c38411
_d38411